| 000 | 00405nam a2200157Ia 4500 | ||
|---|---|---|---|
| 008 | 230524s9999 xx 000 0 und d | ||
| 082 | _bSEL | ||
| 100 | _aV.K. Manicka Selvam | ||
| 245 | 0 | _aElements of Matrix and Stability Analysis of Structures | |
| 250 | _a7 | ||
| 260 |
_aNew Delhi _bKhanna Pub _c2012 |
||
| 300 | _a"XXIV,1412p;" | ||
| 500 | _aQuantity Number: 1 | ||
| 650 | _aCivil | ||
| 942 | _cBK | ||
| 999 |
_c57806 _d57806 |
||